States with Three or More FBS Schools - Statistics

General Stats
  • This quiz has been taken 112 times
  • The average score is 16 of 21
Answer Stats
Hint Answer % Correct
Twelve Texas (Baylor, Houston, North Texas, Rice, SMU, TCU, Texas, Texas A&M, Texas State, Texas Tech, UTEP, UTSA)
98%
Seven California (California, UCLA, Fresno State, San Diego State, San Jose State, USC, Stanford)
97%
Eight Ohio (Akron, Bowling Green, Cincinnati, Kent State, Miami of Ohio, Ohio, Ohio State, Toledo)
93%
Seven Florida (UCF, FIU, Florida, Florida Atlantic, Florida State, Miami, South Florida)
92%
Five Michigan (Central Michigan, Eastern Michigan, Michigan, Michigan State, Western Michigan)
91%
Four Georgia (Georgia, Georgia Southern, Georgia State, Georgia Tech)
86%
Five Alabama (Alabama, UAB, Auburn, South Alabama, Troy)
85%
Seven North Carolina (Appalachian State, Charlotte, Duke, East Carolina, North Carolina, NC State, Wake Forest)
85%
Three New York (Army, Buffalo, Syracuse)
83%
Three Pennsylvania (Penn State, Pittsburgh, Temple)
79%
Three Oklahoma (Oklahoma, Oklahoma State, Tulsa)
74%
Four Tennessee (Memphis, Middle Tennessee, Tennessee, Vanderbilt)
74%
Four Indiana (Ball State, Indiana, Notre Dame, Purdue)
73%
Three Illinois (Illinois, NIU, Northwestern)
72%
Three Mississippi (Ole Miss, Mississippi State, Southern Miss)
72%
Three Kentucky (Kentucky, Louisville, Western Kentucky)
70%
Five Louisiana (LSU, Louisiana Tech, Louisiana-Lafayatte, Louisiana-Monroe, Tulane)
67%
Three Virginia (Old Dominion, Virginia, Virginia Tech)
66%
Three South Carolina (Clemson, Coastal Carolina, South Carolina)
65%
Three Colorado (Air Force, Colorado, Colorado State)
64%
Three Utah (BYU, Utah, Utah State)
56%
No matching quizzes found
Score Distribution
Percent of People with Each Score
Percentile by Number Answered
Your Score History
You have not taken this quiz